| 000 | 00723cam a22002411 4500 | ||
|---|---|---|---|
| 001 | sa 65006872 | ||
| 003 | DLC | ||
| 005 | 20260227112145.0 | ||
| 008 | 931105s1963 io 000 1 sun | ||
| 010 | _asa 65006872 | ||
| 025 | _aPL480:Indo-1860 | ||
| 035 | _a(OCoLC)29252953 | ||
| 040 |
_aDLC _cCU _dDLC |
||
| 042 | _apremarc | ||
| 050 | 0 | 0 |
_aPL5454.A57 _bD4 |
| 100 | 1 |
_aAmin, Sjarif, _d1907- |
|
| 245 | 1 | 0 | _aKembang patapan. |
| 260 |
_aBandung, _b"Pelita Masa" _c[1963?] |
||
| 300 |
_a88 p. _c17 cm. |
||
| 500 | _aNovelization, in Sundanese, of Sanoesi Pané's Kertadjaja. | ||
| 500 | _aThe novelization was first published in 1933 under title: Déwi Amisani. | ||
| 700 | 1 |
_aPane, Sanusi, _d1905-1968. _tKertadjaja. |
|
| 999 |
_c64915 _d64915 |
||